01467nam a2200253Ia 4500003000400000005001700004008004100021020002200062040000700084041000800091082001800099100002500117245007900142260004700221300002500268365001400293520060900307650002800916650002300944906007700967942001201044999001901056952013801075OSt20251009151512.0210423s2014 xx 000 0 und d a978-0-107-02610-0 cAL aeng a801.95 bSEAL aJames Seaton9102275 aLiterary criticism from plato to postmodernism: the humanistic alternative aNew YorkbCambridge University Pressc2014 ax,225pbHBc22x14cm. b5697cUSD aThis book offers a history of literary criticism from Plato to the present, arguing that this history can best be seen as a dialogue among three traditions - the Platonic, Neoplatonic, and the humanistic, originated by Aristotle. There are many histories of literary criticism, but this is the first to clarify our understanding of the many seemingly incommensurable approaches employed over the centuries by reference to the three traditions. Making its case by careful analyses of individual critics, the book argues for the relevance of the humanistic tradition in the twenty-first century and beyond. aLiterary Theory9102276 aLiterature9102277 aalternative ; criticism ; humanistic ; Literary ; plato ; postmodernism: 2ddccBK c165830d165830 001040708MAENGaSACPGbSACPGd2014-09-04eIntact Bookhouseg5697.00l0o801.95 SEALpPG012328r2022-08-24 00:00:00w2021-04-26yBK